Statistics for Largest U.S. Cities by Letter (2023)

Click here to take the quiz!

General Stats

  • This quiz has been taken 71 times
  • The average score is 18 of 26

Answer Stats

HintAnswer% Correct
L- 3,971,883Los Angeles
97%
N- 8,992,908New York City
97%
C- 2,761,625Chicago
93%
P- 1,656,892Philadelphia
93%
D- 1,336,347Dallas
92%
H- 2,366,119Houston
90%
A - 1,013,293Austin
88%
B- 693,062Boston
88%
J- 987,960Jacksonville
85%
W- 715,891Washington
85%
I- 907,802Indianapolis
81%
S- 1,466,791San Antonio
81%
E- 687,722El Paso
76%
O- 711,372Oklahoma City
76%
M- 628,970Memphis
73%
K- 522,580Kansas City
69%
F- 972,228Fort Worth
66%
T- 549,382Tucson
61%
R- 486,796Raleigh
59%
V- 465,914Virginia Beach
58%
Q- 104,444Quincy
51%
G- 307,846Greensboro
49%
Y- 216,246Yonkers
49%
X- 25,357Xenia
44%
Z- 35,535Zionsville
20%
U- 80,633Upland
19%

Score Distribution

Percentile by Number Answered

Percent of People with Each Score

Your Score History

You have not taken this quiz